Respuesta al informe del relator de la ONU para la independencia de jueces y abogados : mayo 2002 /

Guardado en:
Bibliografiske detaljer
Institution som forfatter: México. Suprema Corte de Justicia de la Nación
Format: Bog
Sprog:spansk
Udgivet: México : Suprema Corte de Justicia de la Nación, 2002, c2002
Fag:
Tags: Tilføj Tag
Ingen Tags, Vær først til at tagge denne postø!

MARC

LEADER 00000nam^a2200000^a^4500
001 000142031
005 20250521000000.0
009 20260310095635.893
020 |a 970-712-183-1 
037 |a Acervo ITESO - Biblioteca 
041 |a ESP 
082 |a 345. 7202323  |b MEX 
110 |a México.  |b Suprema Corte de Justicia de la Nación 
245 1 0 |a Respuesta al informe del relator de la ONU para la independencia de jueces y abogados :  |b mayo 2002 /  |c Suprema Corte de Justicia de la Nación. 
264 4 |a México :  |b Suprema Corte de Justicia de la Nación,  |c 2002, c2002 
300 |a 211 p. 
336 |a texto  |b txt  |2 rdacontenido 
337 |a sin mediación  |b n  |2 rdamedio 
338 |a volumen  |b nc  |2 rdasoporte 
610 |a ONU 
649 |a XX 
650 |a Abogados Mexicanos 
650 |a Jueces Mexicanos 
650 |a Funcionarios Públicos Mexicanos 
650 |a Poder Político -  |z México 
650 |a Debido Proceso 
650 |a Derechos Políticos -  |z México 
650 |a Derechos Civiles -  |z México 
650 |a Práctica Jurídica -  |z México 
650 |a Práctica Jurídica -  |z México 
650 |a Tribunales -  |z México 
650 |a Suprema Corte de Justicia de la Nación -  |z México 
650 |a Poder Judicial -  |z México 
650 |a Corrupción -  |z México 
650 |a Derechos Humanos -  |z México 
650 |a Responsabilidad (Derecho) -  |z México 
650 |a Discreción Judicial -  |z México 
650 |a Impunidad (Derecho) -  |z México 
650 |a Justicia -  |x Administración -  |z México 
650 |a Justicia -  |x Administración 
650 |a Organizaciones Internacionales -  |z México 
650 |a Derecho Constitucional -  |z México 
650 |a Derecho Público -  |z México 
650 |a Derecho Positivo -  |z México 
650 |a Derecho -  |x Interpretación 
910 |a Fondo General 
920 |a Impresos - Libros 
930 |a Colección General 
905 |a 101 
901 |a 0500070734  |b IT1  |c ACC  |u 20250521 
901 |a 0500087891  |b IT1  |c ACC  |u 20250521 
902 |a https://opac.biblio.iteso.mx/vufind/Record/000142031